|
|
|
|
| LEADER |
02006nam a2200397 a 4500 |
| 001 |
0017417 |
| 003 |
BD-DhAAL |
| 005 |
20250420120120.0 |
| 008 |
091015s1991 nyu b l001 0 eng d |
| 010 |
|
|
|a 90003788
|
| 020 |
|
|
|a 0195631951
|
| 020 |
|
|
|a 155861026X
|
| 020 |
|
|
|a 1558610278
|
| 040 |
|
|
|a DLC
|c DLC
|d DLC
|d BD-DhAAL
|
| 041 |
|
|
|a eng
|
| 082 |
0 |
0 |
|a 891.1
|2 20
|
| 245 |
0 |
0 |
|a Women writing in India :
|b 600 B.C. to the present /
|c edited by Susie Tharu and K. Lalita.
|
| 260 |
|
|
|a New York :
|b Feminist Press at the City University of New York ;
|a New Delhi ;
|b Oxford University Press,
|c 1991.
|
| 300 |
|
|
|a xxix, 537 p. ;
|c 23 cm
|
| 362 |
0 |
|
|a Vol. 1
|
| 504 |
|
|
|a Includes bibliographical references (pages 522-529) and index.
|
| 505 |
1 |
|
|a v. 1. 600 B.C. to the early twentieth century
|
| 526 |
|
|
|a ENH
|x Professor Syed Manzoorul Islam
Coordinator
Department of English and Humanities
BRAC University
|
| 541 |
1 |
|
|e 0017417, 0019376
|a Friends' Book Corner
|
| 650 |
|
0 |
|a Indic literature
|x Women authors
|x Translations into English.
|9 4445
|
| 650 |
|
0 |
|a Indic literature (English)
|x Women authors.
|9 4525
|
| 650 |
|
0 |
|a Indic literature
|x Women authors
|x History and criticism.
|9 4447
|
| 650 |
|
0 |
|a Indic literature (English)
|x Women authors
|x History and criticism.
|9 4448
|
| 650 |
|
0 |
|a Women and literature
|z India.
|9 4449
|
| 700 |
1 |
|
|a Tharu, Susie J.
|9 4450
|
| 700 |
1 |
|
|a Lalita, Ke.
|9 4451
|
| 852 |
4 |
|
|a Ayesha Abed Library
|c General Stacks
|
| 942 |
|
|
|2 ddc
|c BK
|
| 999 |
|
|
|c 4690
|d 4690
|
| 952 |
|
|
|0 0
|1 0
|2 ddc
|4 0
|6 891_100000000000000_WOM
|7 0
|9 4476
|a BRACUL
|b BRACUL
|c GEN
|d 2009-10-13
|e High Commisiion of India
|l 1
|o 891.1 WOM
|p 3010019376
|r 2014-05-14
|s 2013-02-18
|t 2
|w 2009-10-18
|y BK
|x Transferred from ENH to Ayesha Abed library on 20/12/2023
|
| 952 |
|
|
|0 0
|1 0
|2 ddc
|4 0
|6 891_100000000000000_WOM
|7 0
|9 9683
|a BRACUL
|b BRACUL
|c GEN
|d 2010-05-03
|e Friends' Book Corner
|g 790.00
|l 4
|m 43
|o 891.1 WOM
|p 3010017417
|r 2023-08-23
|s 2023-01-25
|t 1
|w 2010-05-03
|y BK
|x Requisitioned by Professor Syed Manzoorul Islam (Coordinator).
|